| 000 -LEADER |
| fixed length control field |
00890nam a22002657a 4500 |
| 001 - CONTROL NUMBER |
| control field |
18735 |
| 003 - CONTROL NUMBER IDENTIFIER |
| control field |
BD-DhUAP |
| 005 - DATE AND TIME OF LATEST TRANSACTION |
| control field |
20200304122516.0 |
| 008 - FIXED-LENGTH DATA ELEMENTS--GENERAL INFORMATION |
| fixed length control field |
200304r20112003nyua b 001 0 eng d |
| 020 ## - INTERNATIONAL STANDARD BOOK NUMBER |
| International Standard Book Number |
9781259002908 |
| 020 ## - INTERNATIONAL STANDARD BOOK NUMBER |
| International Standard Book Number |
125900290X |
| 040 ## - CATALOGING SOURCE |
| Original cataloging agency |
DLC |
| Transcribing agency |
DLC |
| Modifying agency |
DLC |
| -- |
BD-DhUAP |
| Language of cataloging |
eng |
| 082 00 - DEWEY DECIMAL CLASSIFICATION NUMBER |
| Edition number |
23 |
| Classification number |
711.4 TIM |
| 245 00 - TITLE STATEMENT |
| Title |
Time-saver standards for urban design / |
| Statement of responsibility, etc. |
Edited by Donald Watson, Alan Plattus and Robert G. Shibley. |
| 260 ## - PUBLICATION, DISTRIBUTION, ETC. |
| Place of publication, distribution, etc. |
New York : |
| Name of publisher, distributor, etc. |
McGraw-Hill, |
| Date of publication, distribution, etc. |
c2003 [Reprinted 2011] |
| 300 ## - PHYSICAL DESCRIPTION |
| Extent |
various pages : |
| Other physical details |
illustrations ; |
| Dimensions |
29 cm. |
| 504 ## - BIBLIOGRAPHY, ETC. NOTE |
| Bibliography, etc. note |
Includes bibliographical references and index. |
| 650 #0 - SUBJECT ADDED ENTRY--TOPICAL TERM |
| Topical term or geographic name entry element |
City planning. |
| 9 (RLIN) |
31513 |
| 650 #0 - SUBJECT ADDED ENTRY--TOPICAL TERM |
| Topical term or geographic name entry element |
Architectural design. |
| 9 (RLIN) |
31514 |
| 700 1# - ADDED ENTRY--PERSONAL NAME |
| Personal name |
Watson, Donald. |
| 9 (RLIN) |
31515 |
| 700 1# - ADDED ENTRY--PERSONAL NAME |
| Personal name |
Plattus, Alan J. |
| 9 (RLIN) |
31516 |
| 700 1# - ADDED ENTRY--PERSONAL NAME |
| Personal name |
Shibley, Robert G. |
| 9 (RLIN) |
31517 |
| 942 ## - ADDED ENTRY ELEMENTS (KOHA) |
| Source of classification or shelving scheme |
|
| Koha item type |
Book |